<?xml version="1.0" encoding="UTF-8"?>
<marc:record xmlns:marc="http://www.loc.gov/MARC21/slim">
   <marc:leader>00000nam a2200000 a 4500</marc:leader>
   <marc:datafield ind1="1" ind2=" " tag="100">
      <marc:subfield code="a">Fischer, Elisabeth</marc:subfield>
      <marc:subfield code="4">aut</marc:subfield>
      <marc:subfield code="e">Verfasser/-in</marc:subfield>
   </marc:datafield>
   <marc:datafield ind1=" " ind2=" " tag="653">
      <marc:subfield code="a">Kochbuch</marc:subfield>
   </marc:datafield>
   <marc:datafield ind1=" " ind2=" " tag="653">
      <marc:subfield code="a">Abnehmen</marc:subfield>
   </marc:datafield>
   <marc:datafield ind1=" " ind2=" " tag="653">
      <marc:subfield code="a">Basenfasten</marc:subfield>
   </marc:datafield>
   <marc:datafield ind1=" " ind2=" " tag="653">
      <marc:subfield code="a">Ratgeber</marc:subfield>
   </marc:datafield>
   <marc:datafield ind1="0" ind2="0" tag="245">
      <marc:subfield code="a">Heilsames Basenfasten im Job</marc:subfield>
   </marc:datafield>
   <marc:datafield ind1="0" ind2="0" tag="245">
      <marc:subfield code="b">120 Genussrezepte zum Abnehmen. Mit Wochenplänen und Einkaufslisten</marc:subfield>
   </marc:datafield>
   <marc:datafield ind1="0" ind2="0" tag="245">
      <marc:subfield code="c">Elisabeth Fischer</marc:subfield>
   </marc:datafield>
   <marc:datafield ind1=" " ind2="1" tag="264">
      <marc:subfield code="a">Wien</marc:subfield>
      <marc:subfield code="b">Kneipp Verlag</marc:subfield>
      <marc:subfield code="c">2016</marc:subfield>
   </marc:datafield>
   <marc:datafield ind1=" " ind2=" " tag="250">
      <marc:subfield code="a">1</marc:subfield>
   </marc:datafield>
   <marc:datafield ind1="1" ind2=" " tag="520">
      <marc:subfield code="a">Der Bestseller von Elisabeth Fischer erscheint nun als Sonderausgabe, diesmal speziell für Berufstätige. Im Alltag bleibt nämlich wenig Zeit zum Einkaufen und Kochen. Wie man das Säure-Basen-Gleichgewicht im Körper trotzdem wiederherstellen und dabei sogar abnehmen kann, zeigt dieses Buch.&#x15; Die erprobten Rezepte sind aus gängigen Zutaten schnell und einfach zubereitet. Die pfiffigen Gerichte lassen sich vielseitig kombinieren und sind zum Vorkochen, Einpacken und Aufwärmen geeignet. Und: Sie schmecken gut!&#x15;&#x15;Aus dem Inhalt:&#x15; Über basenbildende Lebensmittel&#x15; Wochenpläne, Einkaufslisten, praktische Tipps&#x15; 120 kalorienarme Rezepte mit basenbildenden Zutaten&#x15; Vegan, cholesterinfrei und nährwertberechnet</marc:subfield>
   </marc:datafield>
   <marc:datafield ind1=" " ind2=" " tag="020">
      <marc:subfield code="a">9783708806693</marc:subfield>
      <marc:subfield code="9">9783708806693</marc:subfield>
   </marc:datafield>
   <marc:datafield ind1=" " ind2=" " tag="020">
      <marc:subfield code="a">3708806697</marc:subfield>
      <marc:subfield code="9">3708806697</marc:subfield>
   </marc:datafield>
   <marc:datafield ind1=" " ind2=" " tag="300">
      <marc:subfield code="a">129 S. : M. zahlr. Fot. (farb.)</marc:subfield>
   </marc:datafield>
</marc:record>
